000 00984nam a2200289Ia 4500
005 20220317001246.0
008 160825s1990 sp a g 000 0 spa
020 _a8430550801
100 1 _aMurciano, Carlos
_d1931-
245 1 0 _aSor Guitarra
_cCarlos Murciano ; ilustraciones Nivio López Vigil
250 _a4a. edición
300 _a104 páginas
_bilustraciones en blanco y negro
_c19 cm
490 _aA toda máquina
650 1 4 _2LEMB
_aNovela juvenil española
_ySiglo XX
650 1 4 _2LEMB
_aLiteratura juvenil española
_ySiglo XX
650 1 4 _2LEMB
_aConventos en la literatura
650 1 4 _2LEMB
_aAmistad en la literatura
650 1 4 _aNiños en la literatura
_2LEMB
700 1 _aLópez Vigil, Nivio
_968362
942 _2loc
_cBKLIT
264 _aMadrid
_bSusaeta
_c1990
336 _atexto
_btxt
_2rdacontent
337 _asin mediación
_bn
_2rdamedia
338 _avolumen
_bnc
_2rdacarrier
040 _aCO-BoRNBP
_bspa
_erda
_cCO-BoRNBP
084 _aN MUR2
999 _c6415
_d6415